[Event "AUTO-INT-3969"]
[Site "http://www.queenalice.com/game.php?id=1873553"]
[Date "2026.5.19"]
[Round "1"]
[White "jenyasm"]
[Black "caradepau"]
[Result "0-1"]
[WhiteElo "1705"]
[BlackElo "1587"]

1. e4 e5 2. Nf3 Nc6 3. d3 h6 4. a3 a6 5. b3 Bc5 6. Bb2 d6 7. Nc3 Nf6 8. h3 b5 9.
b4 Ba7 10. Ne2 Be6 11. g4 O-O 12. Qd2 a5 13. Bg2 axb4 14. axb4 Bxg4 15. hxg4
Nxg4 16. Ra6 Bxf2+ 17. Kd1 Rxa6 18. Rf1 Be3 19. Qc3 Qa8 20. Neg1 Bxg1 21. Rxg1
Ra4 22. Qxc6 Qxc6 0-1

[Event "AUTO-INT-3969"]
[Site "http://www.queenalice.com/game.php?id=1873554"]
[Date "2026.5.19"]
[Round "1"]
[White "caradepau"]
[Black "jenyasm"]
[Result "1/2-1/2"]
[WhiteElo "1597"]
[BlackElo "1706"]

1. e4 e5 2. Bc4 d6 3. d3 a6 4. a3 Nf6 5. h3 Nc6 6. Nf3 h6 7. Nc3 Be7 8. b4 O-O
9. Bb2 a5 10. b5 Na7 11. Nh4 Nh5 12. Qxh5 Bxh4 13. g3 Bf6 14. Nd5 c6 15. bxc6
bxc6 16. Nxf6+ Qxf6 17. Bc3 Nb5 18. Bxb5 cxb5 19. f4 Bd7 20. fxe5 dxe5 21. Bxe5
Qe6 22. g4 Kh7 23. Bd4 Qg6 24. Qxg6+ Kxg6 25. Bc5 Rfc8 26. Be3 Rxc2 27. e5 Rc3
28. Kd2 Rc6 29. Rac1 Rac8 30. Rxc6+ Rxc6 31. Rc1 Rxc1 32. Kxc1 a4 33. d4 Be6 34.
Kc2 f6 35. exf6 Kxf6 36. Kc3 h5 37. gxh5 Bxh3 38. Kb4 Bd7 39. h6 gxh6 40. Bxh6
Ke6 41. Kc5 Ke7 42. d5 Ke8 43. Kd6 Kd8 44. Bg5+ Ke8 45. Kc7 Bf5 46. d6 Bd7 47.
Be7 Bf5 48. Kc6 Bd7+ 49. Kc7 Bf5 50. Kb6 1/2-1/2

[Event "AUTO-INT-3969"]
[Site "http://www.queenalice.com/game.php?id=1873581"]
[Date "2026.5.19"]
[Round "1"]
[White "caradepau"]
[Black "Jomaley"]
[Result "1-0"]
[WhiteElo "1614"]
[BlackElo "1520"]

1. e4 e5 2. Bc4 Qf6 3. a3 Bc5 4. Qe2 c6 5. d3 b5 6. Ba2 a5 7. Nf3 Bxf2+ 8. Qxf2
d6 9. Be3 Bg4 10. Nbd2 Bxf3 11. Nxf3 h6 12. c4 bxc4 13. Bxc4 g5 14. h3 Ne7 15.
Nh2 Qxf2+ 16. Bxf2 c5 17. h4 Ng6 18. hxg5 hxg5 19. O-O Nc6 20. Nf3 f6 21. Bb5
Kd7 22. a4 Kc7 23. Bxc6 Kxc6 24. d4 exd4 25. Rac1 Kd7 26. Nd2 Rab8 27. Nc4 Rb4
28. Be1 Ke6 29. Bxb4 cxb4 30. Nxa5 d3 31. Rcd1 Nf4 32. Nc4 Rc8 33. b3 d5 34.
exd5+ Nxd5 35. Rxd3 g4 36. a5 f5 37. Re1+ 1-0

[Event "AUTO-OPEN-4653"]
[Site "http://www.queenalice.com/game.php?id=1873627"]
[Date "2026.5.21"]
[Round "1"]
[White "Pipo712"]
[Black "caradepau"]
[Result "1-0"]
[WhiteElo "2080"]
[BlackElo "1608"]

1. e4 e5 2. Nf3 Nc6 3. Bb5 Nge7 4. c3 a6 5. Ba4 h6 6. O-O b5 7. Bb3 Ng6 8. d4
Be7 9. g3 exd4 10. cxd4 O-O 11. a3 b4 12. Bd5 bxa3 13. Nxa3 Bxa3 14. Rxa3 Bb7
15. e5 Rb8 16. Qd3 Nb4 17. Qxg6 Bxd5 18. Qg4 Bxf3 19. Rxf3 g5 20. h4 a5 21. hxg5
hxg5 22. Bxg5 Qc8 23. Bh6+ Kh7 24. Qg7# 1-0

[Event "AUTO-OPEN-4653"]
[Site "http://www.queenalice.com/game.php?id=1873628"]
[Date "2026.5.21"]
[Round "1"]
[White "caradepau"]
[Black "Pipo712"]
[Result "0-1"]
[WhiteElo "1606"]
[BlackElo "2082"]

1. e4 c5 2. Bc4 Nc6 3. a3 e6 4. d3 Bd6 5. Nf3 Bc7 6. O-O a6 7. Nc3 Nge7 8. Be3
d5 9. exd5 exd5 10. Bxc5 dxc4 11. h3 O-O 12. Bxe7 Nxe7 13. d4 Nd5 14. Nxd5 Qxd5
15. b4 b5 16. c3 Bb7 17. a4 Rfe8 18. axb5 axb5 19. Rxa8 Rxa8 20. h4 Qh5 21. Re1
Bxf3 22. gxf3 Qxh4 23. Qe2 Qh2+ 24. Kf1 Qh1# 0-1

[Event "AUTO-OPEN-4653"]
[Site "http://www.queenalice.com/game.php?id=1873651"]
[Date "2026.5.21"]
[Round "1"]
[White "caradepau"]
[Black "Capixabba789"]
[Result "0-1"]
[WhiteElo "1613"]
[BlackElo "1856"]

1. e4 e5 2. Bc4 Nc6 3. a3 d6 4. h3 Nf6 5. d3 Be7 6. Nf3 O-O 7. Nc3 Be6 8. Bxe6
fxe6 9. g4 d5 10. exd5 exd5 11. b4 d4 12. Ne2 a6 13. Ng5 Qd7 14. Ng3 Nd5 15. O-O
Nc3 16. Qe1 Nd5 17. Qe4 Bxg5 18. Bxg5 Nf4 19. Bxf4 Rxf4 20. Qe2 Raf8 21. Qd2 Qf7
22. Rab1 Rf3 23. b5 axb5 24. Rxb5 Rxg3+ 25. Kh2 Qf3 26. fxg3 Qxf1 27. Rxb7 Rf2+
28. Qxf2 Qxf2+ 29. Kh1 Qxg3 30. Rxc7 e4 31. Rxc6 e3 32. a4 Qxh3+ 33. Kg1 Qxg4+
34. Kh2 Qe2+ 35. Kg3 Qe1+ 36. Kf4 Qf2+ 37. Ke5 h6 38. c4 e2 39. a5 e1=Q+ 40. Kd5
Qxa5+ 41. Rc5 Qa8+ 42. Rc6 Qf3+ 43. Kd6 Qaxc6+ 44. Ke5 Qff6# 0-1

[Event "AUTO-OPEN-4653"]
[Site "http://www.queenalice.com/game.php?id=1873652"]
[Date "2026.5.21"]
[Round "1"]
[White "Capixabba789"]
[Black "caradepau"]
[Result "1-0"]
[WhiteElo "1810"]
[BlackElo "1630"]

1. d4 d5 2. Nc3 h6 3. f4 Bf5 4. Nf3 e6 5. e3 a6 6. Bd3 Bxd3 7. cxd3 Bb4 8. Bd2
Nf6 9. O-O O-O 10. Ne5 Qd6 11. a3 Bxc3 12. Bxc3 Nc6 13. Qf3 b5 14. Rac1 Nxe5 15.
fxe5 Qe7 16. Bb4 Qd7 17. Bxf8 Rxf8 18. exf6 g5 19. Qh5 Kh7 20. Rf3 Qd6 21. Rh3
Rd8 22. Qxh6+ Kg8 23. Qh8# 1-0

[Event "AUTO-OPEN-4653"]
[Site "http://www.queenalice.com/game.php?id=1873653"]
[Date "2026.5.21"]
[Round "1"]
[White "caradepau"]
[Black "SGF"]
[Result "0-1"]
[WhiteElo "1599"]
[BlackElo "1688"]

1. e4 e5 2. Bc4 Qf6 3. a3 Bc5 4. Nf3 Be7 5. d3 d6 6. h3 Qg6 7. g4 h5 8. gxh5
Rxh5 9. Be3 Bxh3 10. Nc3 c6 11. Qe2 b5 12. Ba2 Bg2 13. Rxh5 Qxh5 14. O-O-O Bxf3
15. Qd2 Bxd1 16. Nxd1 a5 17. Kb1 g5 18. d4 Nd7 19. dxe5 Nxe5 20. f4 gxf4 21.
Bxf4 Nf3 22. Qd3 Ne1 23. Qf1 Qxd1+ 24. Bc1 d5 25. exd5 Qxc2+ 26. Ka1 Qxc1+ 27.
Bb1 Bf6 28. dxc6 Qxb2# 0-1

[Event "AUTO-OPEN-4653"]
[Site "http://www.queenalice.com/game.php?id=1873654"]
[Date "2026.5.21"]
[Round "1"]
[White "SGF"]
[Black "caradepau"]
[Result "1-0"]
[WhiteElo "1656"]
[BlackElo "1621"]

1. e4 e5 2. Qf3 Bc5 3. d3 a6 4. Be2 h6 5. Qg3 Qf6 6. h4 d6 7. c3 Nc6 8. b4 Ba7
9. a4 Nge7 10. b5 axb5 11. axb5 Nd8 12. Be3 Bxe3 13. Rxa8 Bb6 14. c4 O-O 15. Nf3
Be6 16. Nc3 Ng6 17. h5 Nf4 18. Na4 Nxe2 19. Kxe2 Bd7 20. Nc3 c6 21. bxc6 Bxc6
22. Rb1 Bc7 23. Na4 Bxa4 24. Rxa4 b6 25. Ra7 Qe7 26. Rxb6 Qe6 27. Rxc7 f5 28.
Qxg7# 1-0

[Event "AUTO-INT-3924"]
[Site "http://www.queenalice.com/game.php?id=1873786"]
[Date "2026.5.21"]
[Round "2"]
[White "Jomaley"]
[Black "caradepau"]
[Result "0-1"]
[WhiteElo "1490"]
[BlackElo "1626"]

1. e4 e5 2. d3 Bc5 3. Qf3 d6 4. h4 h6 5. Be3 Bxe3 6. Qxe3 Nc6 7. Nc3 Nd4 8.
O-O-O Nf6 9. Nd5 Nxd5 10. Qg3 g6 11. c3 Nxc3 12. bxc3 h5 13. cxd4 Qf6 14. d5 Bg4
15. f3 Bd7 16. Ne2 O-O-O 17. f4 exf4 18. Nxf4 Qa1+ 19. Kd2 Qxa2+ 20. Ke1 Bg4 21.
Be2 Bxe2 22. Nxe2 Kb8 23. Qf3 Rd7 24. g4 hxg4 25. Qxg4 Kc8 26. Kf2 a6 27. h5
gxh5 28. Rxh5 Rxh5 29. Qxh5 Qa4 30. Rg1 b5 31. Rg8+ Kb7 32. Qf5 b4 33. Rg7 b3
34. Rxf7 Rxf7 35. Qxf7 b2 36. Nc3 Qc2+ 37. Ne2 b1=Q 38. Ke3 Qxd3+ 0-1

[Event "AUTO-INT-3924"]
[Site "http://www.queenalice.com/game.php?id=1873794"]
[Date "2026.5.21"]
[Round "2"]
[White "caradepau"]
[Black "renet54"]
[Result "0-1"]
[WhiteElo "1604"]
[BlackElo "1630"]

1. e4 e5 2. Bc4 Nc6 3. a3 Bc5 4. Qf3 Nf6 5. h3 Nd4 6. Qd1 O-O 7. d3 d6 8. Nf3 a6
9. Nxd4 Bxd4 10. Qd2 b5 11. c3 Bb6 12. Ba2 Re8 13. Qe2 Bb7 14. Be3 Bxe3 15. Qxe3
Re7 16. O-O Qd7 17. Nd2 Rae8 18. c4 bxc4 19. Bxc4 c5 20. Nf3 d5 21. exd5 Nxd5
22. Bxd5 Bxd5 23. Qxc5 Bxf3 24. g4 Bxg4 25. hxg4 Qxg4+ 26. Kh2 Re6 27. b4 Rh6#
0-1

[Event "AUTO-INT-3924"]
[Site "http://www.queenalice.com/game.php?id=1873795"]
[Date "2026.5.21"]
[Round "2"]
[White "renet54"]
[Black "caradepau"]
[Result "1-0"]
[WhiteElo "1666"]
[BlackElo "1611"]

1. d4 d5 2. Bf4 Bf5 3. e3 a6 4. Nf3 h6 5. Nc3 e6 6. a3 Ne7 7. Be2 Ng6 8. O-O
Nxf4 9. exf4 Bd6 10. Qd2 Nc6 11. Rae1 O-O 12. Bd3 Bxd3 13. Qxd3 Bxf4 14. Ne2 Qf6
15. Nxf4 b5 16. c3 Qxf4 17. Re3 Na5 18. Rfe1 Nc4 19. Ne5 Nxb2 20. Qe2 Na4 21.
Nd7 Rfd8 22. Ne5 c5 23. Rf3 Qg5 24. Nxf7 Qe7 25. Nxd8 Rxd8 26. Qe3 Rd6 27. Rg3
Kh7 28. dxc5 Rc6 29. Qd3+ Kg8 30. Qg6 Nxc5 31. f4 Qf7 32. Qg4 Ne4 33. Rge3 Nc5
34. g3 Na4 35. f5 Qxf5 36. Qd4 g5 37. Rf1 Qc2 38. Qf6 Nxc3 39. Qf8+ Kh7 40. Rf7+
Kg6 41. Qg7+ Kh5 42. g4+ Kxg4 43. Qxh6 Qc1+ 44. Kg2 Qxe3 45. h3+ Qxh3+ 46. Qxh3#
1-0